| 000 | 00633nam a22002177a 4500 | ||
|---|---|---|---|
| 999 |
_c16149 _d16149 |
||
| 003 | AR-CdUCM | ||
| 008 | 190502b ||||| |||| 00| 0 spa d | ||
| 040 |
_aMUNICIPALIDAD PROVINCIAL DEL CUSCO _cBIBLIOTECA MUNICIPAL DEL CUSCO |
||
| 082 |
_a869.56 / _bT49 |
||
| 100 |
_aThorndike, Guillermo _910334 |
||
| 245 | _aLas rayas del tigre / | ||
| 260 |
_aLima : _bMosca Azul, _c1973. |
||
| 300 |
_a316 pagines ; _c20 cm. |
||
| 505 | _aContenido : Novela / | ||
| 650 |
_aLiteratura peruana _9169 |
||
| 650 |
_aNovelas _9218 |
||
| 650 |
_aAprismo _96880 |
||
| 650 |
_aSigloXX _92896 |
||
| 942 |
_2ddc _cLIBROS |
||
| 945 |
_arjall _d2019-05-02 |
||